Hardest Question from each Daily Trivia Quiz (1-15) - Statistics

General Stats
  • This quiz has been taken 57 times
  • The average score is 6 of 15
Answer Stats
Question Answer % Correct
How many cubes that are 2 cm on a side can fit into a cube that is 6 cm on a side? D) 27
57%
What was Thomas Chippendale (1718–1779) known for? C) Building Furniture
53%
What has the motto "Citius, Altius, Fortius"? B) The Olympic Games
49%
What bird is also known as a sea hawk? D) Osprey
49%
What does the French word "gauche" mean? B) Left
47%
What island did the Portuguese name Formosa, meaning "beautiful island"? D) Taiwan
45%
Who starred alongside Matthew McConaughey in "How to Lose a Guy in 10 Days"? B) Kate Hudson
43%
Which of these cats is NOT the same species as the others three? B) Leopard
43%
Which of these words means "contrite"? D) Sorry
42%
What Broadway musical is a modern day interpretation of the opera "La bohème"? A) Rent
38%
What was the first sport that Nike made shoes for? D) Running
34%
What does the Greek word Sophia mean? D) Wisdom
34%
America's largest one is in Colorado and is approximately 136 square kilometers in size. What is it? A) Airport
32%
Who shocked the world when he knocked out then-undefeated Mike Tyson in 1990? A) Buster Douglas
32%
Who proposed a plan to bulldoze much of Paris, rebuilding it with 18 identical concrete skyscrapers surrounded by parks and wide roads for automobile traffic? D) Le Corbusier
30%
No matching quizzes found
Score Distribution
Percent of People with Each Score
Percentile by Number Answered
Your Score History
You have not taken this quiz